[Event "Prague Summer op"]
[Site "Prague"]
[Date "2024.08.05"]
[Round "5"]
[White "Petr, Jakub"]
[Black "Svacina, Tobias"]
[Result "1/2-1/2"]
[WhiteElo "2243"]
[BlackElo "2071"]
[PlyCount "88"]
[EventDate "2024.08.02"]
[EventType "swiss"]
[EventRounds "9"]
[EventCountry "CZE"]
[SourceTitle "CBM 221 Extra"]
[Source "ChessBase"]
[SourceDate "2024.09.30"]
[SourceVersion "1"]
[SourceVersionDate "2024.09.30"]
[SourceQuality "1"]

1. e4 c5 2. Nf3 Nc6 3. Bb5 d5 4. exd5 Qxd5 5. d3 Bg4 6. Nc3 Bxf3 7. Nxd5 Bxd1 8. Kxd1 Rc8 9. Bf4 e6 10. Re1 Kd7 11. Nc3 Nf6 12. Ke2 Bd6 13. Kf3 a6 14. Bxc6+ Kxc6 15. Bxd6 Kxd6 16. Rad1 Rhd8 17. d4 cxd4 18. Rxd4+ Kc5 19. Rdd1 h6 20. Ne4+ Nxe4 21. Kxe4 Rd6 22. Rxd6 Kxd6 23. Rd1+ Ke7 24. c3 f5+ 25. Ke3 e5 26. f4 exf4+ 27. Kxf4 Ke6 28. Rd4 g5+ 29. Ke3 Rc5 30. Rd8 Re5+ 31. Kd4 Re4+ 32. Kc5 Re5+ 33. Kd4 Re4+ 34. Kd3 Rg4 35. g3 f4 36. gxf4 Rxf4 37. Rb8 Rf2 38. Rxb7 Rxh2 39. Ke4 Kd6 40. Rb6+ Kc5 41. Rxa6 Rxb2 42. Rxh6 Rxa2 43. Rh5 Kc4 44. Rxg5 Kxc3 1/2-1/2

[Event "CZE-chT1W 2324"]
[Site "Czech Republic"]
[Date "2024.02.04"]
[Round "7.3"]
[White "Rasik, Vitezslav"]
[Black "Petr, Jakub"]
[Result "1-0"]
[WhiteElo "2413"]
[BlackElo "2220"]
[PlyCount "65"]
[EventDate "2023.10.29"]
[EventType "team-tourn"]
[EventRounds "11"]
[EventCountry "CZE"]
[SourceTitle "EXT 2025"]
[Source "ChessBase"]
[SourceDate "2024.10.14"]
[SourceVersion "1"]
[SourceVersionDate "2024.10.14"]
[SourceQuality "1"]
[WhiteTeam "Neratovice"]
[BlackTeam "Praha Bohemians"]
[WhiteTeamCountry "CZE"]
[BlackTeamCountry "CZE"]

1. e4 c5 2. Nf3 Nc6 3. Bb5 e6 4. 0-0 Nge7 5. b3 Nd4 6. Nxd4 cxd4 7. c3 a6 8. Bd3 Nc6 9. cxd4 Nxd4 10. Bb2 Bc5 11. Qh5 d6 12. e5 Nc6 13. exd6 Qxd6 14. Be4 Nd4 15. Nc3 Ba7 16. Rac1 h6 17. Ne2 0-0 18. Nxd4 Bxd4 19. Bxd4 Qxd4 20. Qe2 Rd8 21. Rfd1 e5 22. Qf3 Rb8 23. Rc7 Rd7 24. Rc4 Qd6 25. Rdc1 Rd8 26. Rc7 Be6 27. Bxb7 Rxb7 28. Qxb7 Qxd2 29. Qxa6 e4 30. R7c2 Qf4 31. Qe2 Bg4 32. Qe3 Qe5 33. Rd2 1-0

[Event "Ricany op"]
[Site "Ricany"]
[Date "2023.08.31"]
[Round "7"]
[White "Petr, Jakub"]
[Black "Stufka, Karel"]
[Result "1/2-1/2"]
[WhiteElo "2238"]
[BlackElo "1730"]
[PlyCount "119"]
[EventDate "2023.08.26"]
[EventType "swiss"]
[EventRounds "9"]
[EventCountry "CZE"]
[SourceTitle "CBM 216 Extra"]
[Source "ChessBase"]
[SourceDate "2023.11.30"]
[SourceVersion "1"]
[SourceVersionDate "2023.11.30"]
[SourceQuality "1"]

1. d4 d5 2. Nf3 Nf6 3. c4 e6 4. g3 Be7 5. Bg2 0-0 6. 0-0 h6 7. Qc2 b6 8. Ne5 Bb7 9. Nc3 Nbd7 10. cxd5 exd5 11. Qf5 c6 12. Bf4 Nxe5 13. Bxe5 Bc8 14. Qc2 Be6 15. Rfd1 Rc8 16. Rac1 g6 17. e4 Qd7 18. Qa4 Nxe4 19. Nxe4 dxe4 20. Bxe4 Bd5 21. Bxd5 Qxd5 22. Qxa7 Bd6 23. Bxd6 Qxd6 24. a3 Rb8 25. Qa4 Rfc8 26. Qc4 Rc7 27. Rc3 Rbc8 28. Re3 Re7 29. Rde1 Rxe3 30. Rxe3 Rd8 31. Rc3 Rc8 32. d5 c5 33. Qe4 Rd8 34. Rd3 Rd7 35. Kg2 Kg7 36. b4 cxb4 37. Qxb4 Qxb4 38. axb4 Kf6 39. f4 Ke7 40. Kf3 f5 41. Ke3 Kd6 42. Kd4 Re7 43. Kc4 Rc7+ 44. Kb5 g5 45. Rf3 g4 46. Rd3 Rc2 47. Kxb6 Rxh2 48. b5 Rf2 49. Ka7 Rf3 50. Rxf3 gxf3 51. b6 f2 52. b7 f1Q 53. b8Q+ Kxd5 54. Qe5+ Kc6 55. Qe6+ Kc7 56. Qf7+ Kc6 57. Qg6+ Kc7 58. Qh7+ Kd8 59. Qxh6 Qd3 60. Kb6 1/2-1/2

[Event "Prague Summer op-A 10th"]
[Site "Prague"]
[Date "2023.08.11"]
[Round "9"]
[White "Wilks, Simon"]
[Black "Petr, Jakub"]
[Result "0-1"]
[WhiteElo "2062"]
[BlackElo "2238"]
[PlyCount "132"]
[EventDate "2023.08.04"]
[EventType "swiss"]
[EventRounds "9"]
[EventCountry "CZE"]
[SourceTitle "CBM 215 Extra"]
[Source "ChessBase"]
[SourceDate "2023.09.30"]
[SourceVersion "1"]
[SourceVersionDate "2023.09.30"]
[SourceQuality "1"]

1. e4 c5 2. Nf3 Nc6 3. Bb5 e6 4. 0-0 Nge7 5. Re1 Ng6 6. c3 d5 7. exd5 Qxd5 8. c4 Qd6 9. d4 cxd4 10. Qxd4 Bd7 11. Qxd6 Bxd6 12. Nc3 Nce5 13. Nxe5 Bxe5 14. Bd2 0-0-0 15. Rac1 Bf4 16. Be3 a6 17. Bxd7+ Rxd7 18. Rc2 Bxe3 19. Rxe3 Rhd8 20. g3 Ne7 21. Kg2 Nf5 22. Re4 Rd2 23. Re2 Rxc2 24. Rxc2 Rd3 25. Ne4 Kc7 26. b3 Nd4 27. Rb2 f6 28. b4 e5 29. a4 f5 30. Ng5 Rc3 31. Nf7 e4 32. c5 Rc2 33. Rxc2 Nxc2 34. b5 axb5 35. axb5 Nd4 36. b6+ Kc6 37. Nd8+ Kxc5 38. Nxb7+ Kxb6 39. Nd6 Kc5 40. Nf7 Kd5 41. h4 h6 42. Nh8 Ke6 43. Ng6 Kf6 44. Nf4 g5 45. hxg5+ hxg5 46. Nd5+ Ke5 47. Ne3 Nf3 48. Kf1 f4 49. gxf4+ gxf4 50. Ng4+ Kd4 51. Nf6 Ne5 52. Nh5 Nd3 53. Ng7 Ke5 54. Ne8 Nc5 55. Nc7 Kd4 56. Ke2 f3+ 57. Kf1 Nb3 58. Ne6+ Ke5 59. Ng5 Kf5 60. Nf7 Kf4 61. Nh6 Nd2+ 62. Ke1 Nc4 63. Kf1 Ne5 64. Ng8 Kf5 65. Ke1 Ke6 66. Kd2 Ng4 0-1

[Event "Ricany op 20th"]
[Site "Ricany"]
[Date "2022.08.27"]
[Round "1"]
[White "Strnad, Michael"]
[Black "Petr, Jakub"]
[Result "0-1"]
[WhiteElo "1818"]
[BlackElo "2220"]
[PlyCount "82"]
[EventDate "2022.08.27"]
[EventType "swiss"]
[EventRounds "9"]
[EventCountry "CZE"]
[SourceTitle "CBM 210 Extra"]
[Source "ChessBase"]
[SourceDate "2022.11.30"]
[SourceVersion "1"]
[SourceVersionDate "2022.11.30"]
[SourceQuality "1"]

1. d4 Nf6 2. Nf3 g6 3. Nc3 d5 4. Bf4 Bg7 5. Qd2 0-0 6. 0-0-0 c6 7. Bh6 b5 8. Bxg7 Kxg7 9. e3 Qa5 10. Kb1 b4 11. Ne2 Nbd7 12. Ng3 Rb8 13. h4 h5 14. Ne5 Nxe5 15. dxe5 Ne4 16. Nxe4 dxe4 17. Qd4 Bf5 18. e6+ Kg8 19. Qc4 Bxe6 20. Qa6 Bxa2+ 21. Kc1 Qxa6 22. Bxa6 Bd5 23. Rd4 e5 24. Rd2 Kg7 25. Rhd1 Kf6 26. b3 Ke6 27. Kb2 f5 28. Re2 Rfd8 29. Red2 Ke7 30. Kc1 Be6 31. Rxd8 Rxd8 32. Rxd8 Kxd8 33. Kb2 Kc7 34. Be2 Kb6 35. Bf1 a5 36. Be2 Bf7 37. Bf1 a4 38. bxa4 Ka5 39. Be2 Kxa4 40. c3 c5 41. cxb4 Kxb4 0-1

[Event "CZE-chT2C 2122"]
[Site "Czech Republic"]
[Date "2022.02.27"]
[Round "9.2"]
[White "Petr, Jakub"]
[Black "Cernik, Lukas"]
[Result "0-1"]
[WhiteElo "2236"]
[BlackElo "2163"]
[PlyCount "74"]
[EventDate "2021.10.17"]
[EventType "team-tourn"]
[EventRounds "11"]
[EventCountry "CZE"]
[SourceTitle "EXT 2025"]
[Source "ChessBase"]
[SourceDate "2024.10.14"]
[SourceVersion "1"]
[SourceVersionDate "2024.10.14"]
[SourceQuality "1"]
[WhiteTeam "Praha Bohemians"]
[BlackTeam "Neratovice II"]
[WhiteTeamCountry "CZE"]
[BlackTeamCountry "CZE"]

1. d4 g6 2. e4 Bg7 3. Nf3 d6 4. Bc4 a6 5. a4 e6 6. Qe2 Ne7 7. Bb3 b6 8. 0-0 Bb7 9. c3 0-0 10. Nbd2 h6 11. Re1 Nd7 12. Nf1 c5 13. Bc2 Qc7 14. Be3 Nf6 15. e5 dxe5 16. Nxe5 Nc6 17. Nxc6 Qxc6 18. f3 Nd5 19. dxc5 Nxe3 20. Qxe3 bxc5 21. Nd2 Rfd8 22. Be4 Qc7 23. Bxb7 Qxb7 24. Nc4 Rd5 25. a5 Qb5 26. Qe2 Rad8 27. Kf2 Rd3 28. Qe4 Bd4+ 29. cxd4 Qxc4 30. dxc5 Qxc5+ 31. Kg3 Rd2 32. Qe3 Qc2 33. Rg1 R8d5 34. Rac1 Qxb2 35. Qxh6 Qb8+ 36. Kg4 R2d4+ 37. f4 Rh5 0-1

[Event "CZE-chT1W 2122"]
[Site "Czech Republic"]
[Date "2022.02.20"]
[Round "9.5"]
[White "Petr, Jakub"]
[Black "Fajman, Petr"]
[Result "1/2-1/2"]
[WhiteElo "2236"]
[BlackElo "2170"]
[PlyCount "88"]
[EventDate "2021.10.10"]
[EventType "team-tourn"]
[EventRounds "11"]
[EventCountry "CZE"]
[SourceTitle "EXT 2023"]
[Source "ChessBase"]
[SourceDate "2022.10.05"]
[SourceVersion "1"]
[SourceVersionDate "2022.10.05"]
[SourceQuality "1"]
[WhiteTeam "Vlasim Spartak"]
[BlackTeam "Neratovice"]
[WhiteTeamCountry "CZE"]
[BlackTeamCountry "CZE"]

1. d4 Nf6 2. Nf3 d5 3. c4 c6 4. Nc3 g6 5. g3 Bg7 6. Bg2 0-0 7. Ne5 Nbd7 8. 0-0 Nb6 9. cxd5 cxd5 10. Qb3 Be6 11. Rd1 Ne4 12. Bf4 g5 13. Be3 Nxc3 14. Qxc3 h6 15. b3 Rc8 16. Qd2 Nd7 17. f4 f6 18. Nd3 b6 19. Rac1 Nb8 20. Nb4 Qd7 21. Rxc8 Rxc8 22. Rc1 Rxc1+ 23. Qxc1 a5 24. Nxd5 Bxd5 25. Bxd5+ Qxd5 26. Qc8+ Kf7 27. Qxb8 Qe4 28. Bf2 Qxe2 29. Qxb6 Qxa2 30. Qb7 Qb1+ 31. Kg2 gxf4 32. Qd5+ Kf8 33. gxf4 Qg6+ 34. Bg3 Qc2+ 35. Kh3 Qd3 36. Qa8+ Kf7 37. Qd5+ Kg6 38. Kg2 Qe2+ 39. Kg1 f5 40. Bf2 Qd1+ 41. Kg2 Qg4+ 42. Bg3 Qe2+ 43. Bf2 Qg4+ 44. Bg3 Qe2+ 1/2-1/2

[Event "CZE-chT2C 2122"]
[Site "Czech Republic"]
[Date "2022.02.13"]
[Round "8.4"]
[White "Belaska, Premysl"]
[Black "Petr, Jakub"]
[Result "1/2-1/2"]
[WhiteElo "2214"]
[BlackElo "2236"]
[PlyCount "68"]
[EventDate "2021.10.17"]
[EventType "team-tourn"]
[EventRounds "11"]
[EventCountry "CZE"]
[SourceTitle "EXT 2025"]
[Source "ChessBase"]
[SourceDate "2024.10.14"]
[SourceVersion "1"]
[SourceVersionDate "2024.10.14"]
[SourceQuality "1"]
[WhiteTeam "Liberec Desko"]
[BlackTeam "Praha Bohemians"]
[WhiteTeamCountry "CZE"]
[BlackTeamCountry "CZE"]

1. e4 c5 2. Nf3 d6 3. c3 Nf6 4. h3 Nc6 5. Bd3 e5 6. Bc2 Be7 7. 0-0 0-0 8. Re1 b5 9. d3 Rb8 10. a3 Bd7 11. Nbd2 Qc7 12. Nf1 h6 13. Ne3 Rfc8 14. d4 c4 15. Nf5 Bf8 16. g4 Ne7 17. d5 Nh7 18. Be3 Nxf5 19. gxf5 a5 20. Kh2 Kh8 21. Rg1 Be7 22. Qd2 Bf6 23. Rg3 Qd8 24. Rag1 Qe7 25. Kh1 Rg8 26. Nh2 Bg5 27. f4 exf4 28. Bxf4 Bxf4 29. Qxf4 Rbe8 30. Ng4 Nf6 31. Re3 Nxg4 32. Qxg4 Qf6 33. Reg3 a4 34. Qf3 Re5 1/2-1/2

[Event "CZE-chT1W 2122"]
[Site "Czech Republic"]
[Date "2022.01.23"]
[Round "7.6"]
[White "Petr, Jakub"]
[Black "Sokolov, Alexander"]
[Result "0-1"]
[WhiteElo "2236"]
[BlackElo "2354"]
[PlyCount "128"]
[EventDate "2021.10.10"]
[EventType "team-tourn"]
[EventRounds "11"]
[EventCountry "CZE"]
[SourceTitle "EXT 2023"]
[Source "ChessBase"]
[SourceDate "2022.10.05"]
[SourceVersion "1"]
[SourceVersionDate "2022.10.05"]
[SourceQuality "1"]
[WhiteTeam "Vlasim Spartak"]
[BlackTeam "Pankrac"]
[WhiteTeamCountry "CZE"]
[BlackTeamCountry "CZE"]

1. e4 c5 2. Nf3 g6 3. c3 Bg7 4. d4 Qa5 5. Nbd2 cxd4 6. Nb3 Qd8 7. cxd4 d6 8. h3 Nf6 9. Bd3 0-0 10. 0-0 Nc6 11. Be3 Bd7 12. Rc1 a5 13. d5 Nb4 14. Bb1 Ba4 15. Nfd4 Na6 16. Qe2 Bxb3 17. Nxb3 a4 18. Nd2 Nd7 19. Qb5 Ndc5 20. b4 axb3 21. Nxb3 Qd7 22. Qxd7 Nxd7 23. Bd3 Nb4 24. Bb5 Nf6 25. a4 Rfc8 26. f3 Nc2 27. Bb6 Bh6 28. f4 Na3 29. Rxc8+ Rxc8 30. Nd2 Rc2 31. Be3 Nxb5 32. axb5 Nh5 33. g3 Nxg3 34. Rf3 Ne2+ 35. Kf1 Nc3 36. b6 Na4 37. Rf2 Bg7 38. Ke1 Nc5 39. Kd1 Rc3 40. Bxc5 Rxc5 41. Rf3 f5 42. Ra3 Rb5 43. Rb3 Ra5 44. Ke2 fxe4 45. Nxe4 h6 46. Nc3 Bxc3 47. Rxc3 Rxd5 48. Rc7 Kf7 49. Rxb7 g5 50. Ke3 Rb5 51. fxg5 hxg5 52. Kd4 Ke6 53. Kc4 Rb1 54. Kd4 Rc1 55. Ra7 Rb1 56. b7 Rb2 57. Kc4 Rb6 58. Kd4 Kf6 59. Kc4 e6 60. Kd4 Kf5 61. Kc3 d5 62. Kd4 Rb5 63. Ra8 e5+ 64. Ke3 Rb3+ 0-1

[Event "Ricany op"]
[Site "Ricany"]
[Date "2020.08.23"]
[Round "3"]
[White "Petr, Jakub"]
[Black "Hejsek, Lukas"]
[Result "1-0"]
[WhiteElo "2236"]
[BlackElo "1991"]
[PlyCount "76"]
[EventDate "2020.08.22"]
[EventType "swiss"]
[EventRounds "9"]
[EventCountry "CZE"]
[SourceTitle "CBM 198 Extra"]
[Source "ChessBase"]
[SourceDate "2020.11.30"]
[SourceVersion "1"]
[SourceVersionDate "2020.11.30"]
[SourceQuality "1"]

1. e4 c5 2. Nf3 g6 3. d4 cxd4 4. Nxd4 Bg7 5. Nb3 Nc6 6. Be2 Nf6 7. Nc3 0-0 8. 0-0 d6 9. Bg5 Be6 10. Kh1 Na5 11. Nd4 Bc4 12. f3 Rc8 13. b3 Bxe2 14. Ncxe2 Nc6 15. Qd2 Nd7 16. Rad1 Nxd4 17. Nxd4 Ne5 18. c4 Re8 19. Nb5 Nc6 20. Nc3 Qa5 21. Nd5 Qxd2 22. Rxd2 Kf8 23. Rfd1 Nd8 24. Be3 Nc6 25. Kg1 a6 26. Nb6 Rcd8 27. Kf2 Bc3 28. Rc2 Ba5 29. a3 Bxb6 30. Bxb6 Rc8 31. Rdc1 Ne5 32. Ke2 Nd7 33. Be3 Rc6 34. b4 Rec8 35. Kd3 b5 36. cxb5 Rxc2 37. Rxc2 Rxc2 38. Kxc2 axb5 1-0

[Event "CZE-chT2A 1920"]
[Site "Czech Republic"]
[Date "2020.01.12"]
[Round "6.6"]
[White "Petr, Jakub"]
[Black "Reichel, Tomas"]
[Result "1/2-1/2"]
[WhiteElo "2290"]
[BlackElo "1891"]
[PlyCount "84"]
[EventDate "2019.10.13"]
[EventType "team-tourn"]
[EventRounds "11"]
[EventCountry "CZE"]
[SourceTitle "EXT 2024"]
[Source "ChessBase"]
[SourceDate "2023.10.10"]
[SourceVersion "1"]
[SourceVersionDate "2023.10.10"]
[SourceQuality "1"]
[WhiteTeam "Praha Bohemians"]
[BlackTeam "Unichess Reserve"]
[WhiteTeamCountry "CZE"]
[BlackTeamCountry "CZE"]

1. b3 e5 2. Bb2 Nc6 3. e3 f5 4. Bb5 d6 5. d4 Bd7 6. Ne2 e4 7. Bxc6 Bxc6 8. d5 Bd7 9. Nf4 Nf6 10. Nh5 Nxh5 11. Qxh5+ g6 12. Qh3 f4 13. g4 fxg3 14. Qxg3 Rg8 15. Nd2 Qe7 16. 0-0-0 0-0-0 17. Rhf1 Bf5 18. f3 Bg7 19. fxe4 Bxe4 20. Nxe4 Qxe4 21. Rf7 Bxb2+ 22. Kxb2 Rge8 23. Qh3+ Kb8 24. Qxh7 Rh8 25. Qg7 Rxh2 26. Qc3 Rc8 27. Rd4 Qe8 28. Rg7 Re2 29. Rc4 Qxe3 30. Rcxc7 Qxc3+ 31. Rxc3 Rd2 32. Rxg6 Rxd5 33. Rxc8+ Kxc8 34. c4 Rd2+ 35. Kc3 Rxa2 36. Rxd6 Kc7 37. Rh6 Rg2 38. Kb4 Rg5 39. Ka4 a5 40. Ka3 b6 41. Kb2 Rg2+ 42. Ka3 Rg5 1/2-1/2

[Event "Harrachov op"]
[Site "Prichovice"]
[Date "2019.10.30"]
[Round "6"]
[White "Flajsman, Pavel"]
[Black "Petr, Jakub"]
[Result "1/2-1/2"]
[WhiteElo "1887"]
[BlackElo "2288"]
[PlyCount "35"]
[EventDate "2019.10.26"]
[EventType "swiss"]
[EventRounds "9"]
[EventCountry "CZE"]
[SourceTitle "CBM 192 Extra"]
[Source "Chessbase"]
[SourceDate "2019.11.06"]
[SourceVersion "1"]
[SourceVersionDate "2019.11.06"]
[SourceQuality "1"]

1. d4 Nf6 2. Nf3 g6 3. c4 Bg7 4. g3 0-0 5. Bg2 d5 6. cxd5 Nxd5 7. 0-0 Nc6 8. Nc3 Nb6 9. Bf4 Nxd4 10. Nxd4 Qxd4 11. Qxd4 Bxd4 12. Nb5 Bxb2 13. Rab1 Bg7 14. Nxc7 Rb8 15. Nd5 e5 16. Nxb6 axb6 17. Be3 Be6 18. Rxb6 1/2-1/2

[Event "Harrachov op"]
[Site "Prichovice"]
[Date "2019.10.30"]
[Round "5"]
[White "Petr, Jakub"]
[Black "Zizka, Petr"]
[Result "1-0"]
[WhiteElo "2288"]
[BlackElo "2128"]
[PlyCount "63"]
[EventDate "2019.10.26"]
[EventType "swiss"]
[EventRounds "9"]
[EventCountry "CZE"]
[SourceTitle "CBM 192 Extra"]
[Source "Chessbase"]
[SourceDate "2019.11.06"]
[SourceVersion "1"]
[SourceVersionDate "2019.11.06"]
[SourceQuality "1"]

1. e4 d6 2. d4 Nd7 3. Nf3 e5 4. Bc4 Nb6 5. Be2 Bg4 6. Nc3 Bxf3 7. Bxf3 Nf6 8. 0-0 c6 9. a4 Be7 10. b3 0-0 11. Ba3 Re8 12. Qd3 Nbd7 13. Rad1 Qc7 14. d5 c5 15. Be2 Nf8 16. g3 Qc8 17. f4 exf4 18. gxf4 Ng6 19. Bb2 Bd8 20. Qf3 Ba5 21. Bd3 Qg4+ 22. Qxg4 Nxg4 23. Rf3 a6 24. Ne2 Bd8 25. Rg3 Nf6 26. e5 Nh5 27. Rf3 Bc7 28. Bxg6 hxg6 29. Re3 b5 30. Kg2 bxa4 31. bxa4 Rab8 32. Bc3 1-0

[Event "Ricany op-A"]
[Site "Ricany"]
[Date "2019.08.29"]
[Round "7"]
[White "Petr, Jakub"]
[Black "Mladek, Richard"]
[Result "0-1"]
[WhiteElo "2307"]
[BlackElo "2266"]
[PlyCount "50"]
[EventDate "2019.08.24"]
[EventType "swiss"]
[EventRounds "9"]
[EventCountry "CZE"]
[SourceTitle "EXT 2020"]
[Source "ChessBase"]
[SourceDate "2019.10.17"]
[SourceVersion "1"]
[SourceVersionDate "2019.10.17"]
[SourceQuality "1"]

1. d4 Nf6 2. Bg5 Ne4 3. Bf4 c5 4. f3 Qa5+ 5. c3 Nf6 6. Nd2 cxd4 7. Nb3 Qd8 8. cxd4 e6 9. e4 Nc6 10. Ne2 d5 11. Nc3 dxe4 12. fxe4 Bb4 13. Qd3 0-0 14. 0-0-0 Ng4 15. Qg3 Bxc3 16. bxc3 e5 17. dxe5 Qe7 18. Rd5 h5 19. e6 Bxe6 20. Bd6 Qf6 21. Rxh5 Nf2 22. Bxf8 Nxh1 23. Qe1 Rxf8 24. Bd3 Nf2 25. Bc2 Rd8 0-1

[Event "CZE-chT U18 Extraliga final-B 1819"]
[Site "Czech Republic"]
[Date "2019.04.13"]
[Round "10.1"]
[White "Petr, Jakub"]
[Black "Zidek, Daniel"]
[Result "1-0"]
[WhiteElo "2183"]
[BlackElo "1786"]
[PlyCount "95"]
[EventDate "2018.10.05"]
[EventType "team-tourn"]
[EventRounds "11"]
[EventCountry "CZE"]
[SourceTitle "EXT 2023"]
[Source "ChessBase"]
[SourceDate "2022.10.05"]
[SourceVersion "1"]
[SourceVersionDate "2022.10.05"]
[SourceQuality "1"]
[WhiteTeam "Praha Bohemians (U18)"]
[BlackTeam "Frydek Mistek BSS (U18) II"]
[WhiteTeamCountry "CZE"]
[BlackTeamCountry "CZE"]

1. b3 e5 2. Bb2 Nc6 3. e3 d5 4. Bb5 Bd6 5. f4 Qe7 6. Nf3 Bg4 7. fxe5 Bxe5 8. Bxe5 Bxf3 9. Qxf3 Qxe5 10. Nc3 Nf6 11. 0-0 0-0 12. Bxc6 bxc6 13. Qf4 Qe7 14. Rae1 Rae8 15. Re2 Qd7 16. Qa4 Ra8 17. Rf4 h6 18. Ref2 Rfe8 19. Ne2 Re4 20. Nd4 Rxf4 21. Rxf4 c5 22. Qxd7 Nxd7 23. Nc6 Kf8 24. Ra4 a6 25. Ra5 f6 26. d4 Re8 27. Kf2 cxd4 28. exd4 Nb6 29. Rxa6 Re6 30. Nb4 Re4 31. c3 Rf4+ 32. Kg3 Re4 33. Kf3 f5 34. g3 g5 35. Nd3 h5 36. Ra7 Nd7 37. Rxc7 Nf6 38. Nc5 Re1 39. Nd7+ Nxd7 40. Rxd7 Rc1 41. Rxd5 Rxc3+ 42. Ke2 Rc2+ 43. Ke3 Rxa2 44. Rxf5+ Ke7 45. h4 gxh4 46. gxh4 Rb2 47. Rb5 Kd6 48. Kd3 1-0

[Event "CZE-chT U18 Extraliga final-B 1819"]
[Site "Czech Republic"]
[Date "2019.04.13"]
[Round "9.1"]
[White "Sramek, Vojtech"]
[Black "Petr, Jakub"]
[Result "0-1"]
[WhiteElo "2103"]
[BlackElo "2183"]
[PlyCount "76"]
[EventDate "2018.10.05"]
[EventType "team-tourn"]
[EventRounds "11"]
[EventCountry "CZE"]
[SourceTitle "EXT 2023"]
[Source "ChessBase"]
[SourceDate "2022.10.05"]
[SourceVersion "1"]
[SourceVersionDate "2022.10.05"]
[SourceQuality "1"]
[WhiteTeam "Orlova Slavia (U18)"]
[BlackTeam "Praha Bohemians (U18)"]
[WhiteTeamCountry "CZE"]
[BlackTeamCountry "CZE"]

1. c4 e5 2. g3 Nf6 3. Bg2 d5 4. cxd5 Nxd5 5. Nc3 Nb6 6. Nf3 Nc6 7. 0-0 Be7 8. a3 0-0 9. b4 Re8 10. d3 Bf8 11. Bb2 Be6 12. Ne4 a5 13. b5 Nd4 14. Nxd4 exd4 15. Rc1 Bd5 16. a4 c5 17. Ba3 c4 18. Bxf8 Kxf8 19. Nd2 Bxg2 20. Kxg2 c3 21. Nf3 Qf6 22. Re1 Nd5 23. Qb3 Rad8 24. Qc4 Nb4 25. e3 Rc8 26. Qxd4 Qxd4 27. exd4 Nxd3 28. Rxe8+ Kxe8 29. Rc2 Nb4 30. Rc1 c2 31. Ne1 Kd7 32. Kf1 Kd6 33. Ke2 Kd5 34. Ke3 Rc3+ 35. Kd2 Kxd4 36. Ke2 Kc4 37. Ng2 Kb3 38. Ne1 Na2 0-1

[Event "CZE-chT U18 Extraliga final-B 1819"]
[Site "Czech Republic"]
[Date "2019.04.12"]
[Round "8.1"]
[White "Petr, Jakub"]
[Black "Svanda, Ondrej"]
[Result "1/2-1/2"]
[WhiteElo "2183"]
[BlackElo "2230"]
[PlyCount "98"]
[EventDate "2018.10.05"]
[EventType "team-tourn"]
[EventRounds "11"]
[EventCountry "CZE"]
[SourceTitle "EXT 2023"]
[Source "ChessBase"]
[SourceDate "2022.10.05"]
[SourceVersion "1"]
[SourceVersionDate "2022.10.05"]
[SourceQuality "1"]
[WhiteTeam "Praha Bohemians (U18)"]
[BlackTeam "Policka Stefanydes (U18)"]
[WhiteTeamCountry "CZE"]
[BlackTeamCountry "CZE"]

1. e4 c5 2. Nf3 g6 3. c3 Bg7 4. d4 cxd4 5. cxd4 d5 6. e5 Bg4 7. Be2 Nc6 8. Nc3 e6 9. 0-0 Nge7 10. Be3 0-0 11. Qd2 Nf5 12. Rac1 Qa5 13. Rfd1 Rfc8 14. h3 Bxf3 15. Bxf3 Bf8 16. g4 Nxe3 17. fxe3 Bh6 18. h4 Qb4 19. g5 Bf8 20. Kg2 Na5 21. Qf2 Nc4 22. Nxd5 exd5 23. Bxd5 Kh8 24. b3 Nb6 25. Bxb7 Rxc1 26. Rxc1 Rd8 27. Rc7 Rd7 28. Rxd7 Nxd7 29. Bd5 Qe7 30. Bxf7 Bg7 31. Bc4 Nb6 32. Qf7 Qxf7 33. Bxf7 Bf8 34. Kf3 Kg7 35. Be6 Bb4 36. d5 Bc3 37. Kf4 Be1 38. d6 Kf8 39. h5 gxh5 40. Kf5 Bg3 41. Kf6 Ke8 42. e4 h4 43. Bh3 Bf4 44. Bf5 Bg3 45. Bg4 Bf4 46. a4 a5 47. Bh3 Bg3 48. Kf5 Bh2 49. Bg4 Bg3 1/2-1/2